粉黛羅綺 : 中國古代女子服飾時尚
| 資料類型: | 圖書 | 書目號: | 53566 |
Leader xxxxxxxxxx 001 __ 102622/4/01 005 __ 20191030163634.486 010 0_ |a978-986-94773-9-0|b平裝|d新臺幣450元 042 __ |anbim 100 __ |a20191030d2017 k y0chiy50 e 101 0_ |achi 102 __ |atw 105 __ |aa z 000yy 200 1_ |a粉黛羅綺|e中國古代女子服飾時尚|f陳芳等著 205 __ |a第一版 210 __ |a臺北市|c風格司藝術創作坊|d2017[民106] 215 0_ |a290面|c圖|d23公分 225 12 |a歷史群像|v36 517 1_ |a中國古代女子服飾時尚|zchi 606 __ |2cst|a服飾 606 __ |2cst|a女性 606 __ |2cst|a文化研究 607 __ |2cst|a中國 700 _1 |a陳|b芳|4著 681 __ |a538.12092|b877 801 _0 |atw|bLibDipper|c20191030|gCCR |